A infantilização da mente moderna (Registo nº 36891)
[ vista simples ]
| 000 -Etiqueta do registo | |
|---|---|
| Valores | 00763nam a2200241 4500 |
| 010 ## - Número ISBN | |
| ISBN | 9789895762460 |
| 021 ## - Número do Depósito Legal | |
| Código do país | Portugal |
| Número | 547253/25 |
| 100 ## - Dados gerais de processamento | |
| Dados gerais | 20251015d2025 m y0pory50030103ba |
| 101 1# - Língua de publicação | |
| Língua | Português |
| 102 ## - País de publicação | |
| País | Portugal |
| 200 1# - Titulo e menção de responsabilidade | |
| Título próprio | A infantilização da mente moderna |
| Informação de outro título | como as boas intenções e as más ideias estão a preparar uma geração para o fracasso |
| Primeira menção de responsabilidade | Greg Lukianoff, Jonathan Haidt |
| Outras menções de responsabilidade | trad. Inês Lucas |
| 205 ## - Menção da edição | |
| Edição | 1.ª ed |
| 210 #9 - Publicação | |
| Local de publicação | Lisboa |
| Nome do editor | Guerra e Paz |
| Data de publicação | 2025 |
| 215 ## - Descrição física | |
| Paginação / Volumes | 378, [6] p. |
| Dimensões | 23 cm |
| 304 ## - Nota relativa ao título | |
| Texto de nota | Tít. orig.: The coddling of the American mind |
| 606 ## - Nome comum usado como assunto | |
| ID Autoridade | 3335 |
| Palavra de ordem | Psicologia |
| 700 ## - Autor principal | |
| Apelido | Lukianoff |
| Nome | Greg |
| ID Autoridade | 7201 |
| 701 ## - Autor co-responsavel | |
| Apelido | Haidt |
| Nome | Jonathan |
| Função | Autor |
| ID Autoridade | 6932 |
| 801 #0 - Fonte de origem | |
| País | PT |
| Agência | BN |
| Regras de catalogação | RPC |
| 090 ## - Tipo de documento | |
| Koha biblioitem number (autogenerated) | 36891 |
| 990 ## - Elementos KOHA | |
| Tipo de documento | Livro |
| 994 ## - Estado da catalogação | |
| Situação | Completo |
| Situação do levantamento | Situação do extravio | Biblioteca de origem | Biblioteca de empréstimo | Código de barras | Cota | Permissão de empréstimo | Tipo de documento | Forma de aquisição |
|---|---|---|---|---|---|---|---|---|
| Completo | Biblioteca Municipal de Viana Do Alentejo | Biblioteca Municipal de Viana Do Alentejo | 0035320 | 159.9 LUK | Disponível | Livro | Oferta |